| 000 | 00631nam a22001817a 4500 | ||
|---|---|---|---|
| 005 | 20240112074821.0 | ||
| 008 | 240111b |||||||| |||| 00| 0 eng d | ||
| 020 | _a0409041076 | ||
| 041 | _aEnglish | ||
| 082 | _a346.7 MAL | ||
| 100 |
_aMalan, FR and Pretorius, JT _lEnglish |
||
| 245 |
_aMalan on Bills of exchange, Cheques and Promissory Notes in South African Law / _cFR Malan and JT Pretorius |
||
| 250 | _aFourth Edition | ||
| 260 |
_aDurban : _bButterworth Publishers (Pty) Ltd, _c2002 |
||
| 300 |
_bxiii, 593 pages ; _c25 cm. |
||
| 650 |
_aLegal practice _bLaw |
||
| 942 |
_cBK _6ALISON_BN_VRIES |
||
| 999 |
_c1227 _d1227 |
||